000 00708cam a2200241 4500
008 090401t1991 xxu||||| |||| 00| 0 eng d
020 _a0851218180
035 _a(Sirsi) u84842
041 _aeng
050 _a346.410438
100 _aMoeran, Edward
245 _aMoeran`s practical conveyancing.
250 _a12th ed.
260 _aLondon
_bLongman
_c1991
300 _axii,233p. ; 24cm.
350 _a30
490 _aLongman Practitioner Series
520 _aThe latest edition of a step by step guide to conveyancing, which includes checklists, specimen letters and forms.
690 _aPROPERTY LAW AND PRACTICE
700 _aCoates, R.M.
_xEditor
942 _n0
948 _c04/03/1997
999 _c96985
_d96985